=LDR 00000nam 2200000 4500 =001 INLIS000000000014426 =005 20200313093914 =035 ##$$a 0010-061300000014426 =008 200313################g##########0#ind## =041 ##$$a Ind =082 ##$$a 297.313 =090 ##$$a 297.313, Fal i =100 1#$$a Falah, Muh. Husni =245 1#$$a Iqra, Pemahaman imtak dan iptek dalam agama islam, /$c Muh. Husni Falah =260 ##$:$b MITRA GAMA WIDYA,$c 2001 =300 ##$$a ix, 100 hlm, ; $c 14 x 19 cm =650 #4$$a Iman =850 ##$$a NBPNMAT =020 ##$$a 979-507-318-4 =084 ##$$a 297.313 FAL i =250 ##$$a cet.1 =990 ##$$a 30500835 =990 ##$$a 30500836 =990 ##$$a 30500837 =990 ##$$a 30500838 =990 ##$$a 30500836 =990 ##$$a 30500835 =990 ##$$a 30500837 =990 ##$$a 30500838 =990 ##$$a 30500835 =990 ##$$a 30500836 =990 ##$$a 30500837 =990 ##$$a 30500838 =990 ##$$a 30500837 =990 ##$$a 30500835 =990 ##$$a 30500836 =990 ##$$a 30500838 =990 ##$$a 30500838 =990 ##$$a 30500835 =990 ##$$a 30500836 =990 ##$$a 30500837